British journal of industrial relations <a> journal of research and analysis covering every aspect of industrial relations in britain and overseas
Guardado en:
| Formato: | Seriadas |
|---|---|
| Lenguaje: | inglés |
| Publicado: |
London
School of Economics and Political Science
|
| Etiquetas: |
Sin Etiquetas, Sea el primero en etiquetar este registro!
|
MARC
| LEADER | 00000nas1a2200000 4500 | ||
|---|---|---|---|
| 001 | s123251 | ||
| 005 | 20240209102526.3 | ||
| 041 | 0 | |a eng | |
| 044 | |a GB | ||
| 245 | 1 | 0 | |a British journal of industrial relations |b <a> journal of research and analysis covering every aspect of industrial relations in britain and overseas |
| 264 | 1 | |a London |b School of Economics and Political Science | |